00921nam a22002057a 4500003001000000005001700010008004100027020002200068040002500090080001500115100003100130245003300161250001100194260004000205300002100245490003400266520035700300650003200657655002600689AR-RoUNCS20260209154935.0260209t2013 ag |||||r|||| 00| 1 spa d a987-987-1950-02-7 cAR-RoUNCSaAR-RoUNCS 082-34(821)1 aPoliéster, Amandaeautor10aRío /cAmanda Poliéster. a1a ed. aRosario :bEl Ombú Bonsai,c2013. a108 p. ;c20 cm.0 aColección Raíces Aéreas3 aLa necesidad de hablar otra lengua, de obtener un trabajo y de procurarse el sitio donde vivir en una nueva ciudad y en un nuevo país, reubican al personaje protagonista en la búsqueda de sí mismo. (…) Teñida de un registro cargado de humor e ironía, Rio abre la discusión sobre si partir hacia otro lugar posibilita partir de uno mismo  7aLiteratura argentina2embne 7aNovelas cortas2embne